|
|
|
|
| LEADER |
00704nam a2200193Ia 4500 |
| 001 |
CTU_36901 |
| 008 |
210402s9999 xx 000 0 und d |
| 082 |
|
|
|a 633.1854
|
| 082 |
|
|
|b H531
|
| 088 |
|
|
|a 99999999
|
| 100 |
|
|
|a Nguyễn Văn Huỳnh
|
| 245 |
|
0 |
|a Genetic variation in populations of the yellow stem borer, scirpophaga insertulas ( walker ), and biological basis of resistance of the Oryza Sativa ( IR56 ) X Oryza Brachyantha hybrid to the pest
|
| 245 |
|
0 |
|c Nguyễn Văn Huỳnh, IRRI
|
| 260 |
|
|
|a Manila
|
| 260 |
|
|
|b IRRI
|
| 260 |
|
|
|c 1993
|
| 650 |
|
|
|a rice - breeding
|
| 904 |
|
|
|i Nguyễn Quang Điền, 000612
|
| 980 |
|
|
|a Trung tâm Học liệu Trường Đại học Cần Thơ
|